| 000 | 00358nam a2200133Ia 4500 | ||
|---|---|---|---|
| 008 | 240624s9999 xx 000 0 und d | ||
| 041 | _aeng | ||
| 082 | _a658 CON | ||
| 100 | _aCONKLIN DAVID W | ||
| 245 | _aCASES IN THE ENVIRONMENT OF BUSINESS INT | ||
| 260 |
_c2007 _aNew Delhi _bSage Publications |
||
| 300 | _axiv, : 605 : p. : cm. ; 23 | ||
| 365 |
_cRS _b34 |
||
| 999 |
_c11270 _d11270 |
||